[Event "Xeraco Region-ch Primera"]
[Site "Xeraco"]
[Date "2015.10.03"]
[Round "1.4"]
[White "Olivares Ruiz, Pedro"]
[Black "Lopez Rojas, Luis"]
[Result "0-1"]
[WhiteElo "1720"]
[BlackElo "1547"]
[PlyCount "98"]
[EventDate "2015.10.03"]
[EventType "swiss"]
[EventRounds "7"]
[EventCountry "ESP"]
[SourceTitle "EXT 2024"]
[Source "ChessBase"]
[SourceDate "2023.10.10"]
[SourceVersion "1"]
[SourceVersionDate "2023.10.10"]
[SourceQuality "1"]

1. Nf3 Nf6 2. c4 e6 3. Nc3 b6 4. d4 Bb7 5. e3 Be7 6. Be2 0-0 7. 0-0 d5 8. a3 dxc4 9. Bxc4 Nbd7 10. Bd3 Re8 11. e4 h6 12. h3 c5 13. Be3 cxd4 14. Nxd4 a6 15. f3 Bc5 16. b4 Bxd4 17. Bxd4 e5 18. Be3 b5 19. Qe2 Nh5 20. Rfd1 Qe7 21. Bb1 Rad8 22. Qf2 Qf6 23. Ba2 Nf4 24. Bxf4 exf4 25. Nd5 Bxd5 26. Bxd5 Ne5 27. Rac1 Nc4 28. Bxc4 Rxd1+ 29. Rxd1 bxc4 30. Qc5 Qc3 31. Qd4 Qxa3 32. Qxc4 Qa4 33. Qd4 Rb8 34. Ra1 Qxb4 35. Qxb4 Rxb4 36. Rxa6 Kf8 37. Ra7 Rb2 38. h4 Re2 39. Kh2 g5 40. Ra5 f6 41. Kh3 Kg7 42. g3 Re3 43. gxf4 Rxf3+ 44. Kg4 Rxf4+ 45. Kg3 Rxe4 46. hxg5 hxg5 47. Kf3 Rf4+ 48. Kg3 Kg6 49. Ra6 Re4 0-1

[Event "Provincial-ch Xativa Primera"]
[Site "Xativa"]
[Date "2012.10.27"]
[Round "3"]
[White "Lopez Rojas, Luis"]
[Black "Signes Casanoves, Cristobal"]
[Result "0-1"]
[WhiteElo "1441"]
[BlackElo "1727"]
[PlyCount "56"]
[EventDate "2012.10.06"]
[EventType "swiss"]
[EventRounds "7"]
[EventCountry "ESP"]
[SourceTitle "EXT 2024"]
[Source "ChessBase"]
[SourceDate "2023.10.10"]
[SourceVersion "1"]
[SourceVersionDate "2023.10.10"]
[SourceQuality "1"]

1. d4 e6 2. e4 g6 3. Nf3 Bg7 4. Be3 Ne7 5. Nbd2 b6 6. Bd3 Bb7 7. c3 d6 8. Qe2 Nd7 9. 0-0-0 c5 10. h4 Qc7 11. h5 0-0-0 12. Ng5 Rdf8 13. f4 cxd4 14. Bf2 dxc3 15. Kb1 cxd2 16. Qxd2 Kb8 17. Rc1 Qd8 18. hxg6 hxg6 19. Rxh8 Bxh8 20. Bg3 Nc5 21. Bc2 f6 22. Nf3 Nxe4 23. Bxe4 Bxe4+ 24. Ka1 Bxf3 25. gxf3 Nd5 26. f5 gxf5 27. Rc6 f4 28. Bf2 Qd7 0-1